000 00306nam a2200121Ia 4500
008 170224s9999 xx 000 0 und d
245 _aNewsCAP: Fewer people lack health insurance.
260 _bAmerican Journal of Nursing
260 _c2016
300 _a116:8
500 _aAugust
650 _xNursing.
999 _c316893
_d316893